000 00963nam a2200301Ia 4500
001 Z_5542
003 CHAP
008 220113s2007 xx 000 0 und d
010 _a168635
040 _cCHAP
090 _aTesis L 2016
100 _aLibrado Cruz, José Guadalupe
_966633
245 _aDiagnóstico y suplementación mineral de ganado caprino en condiciones de pastoreo /
_cJosé Guadalupe Librado Cruz
260 _aChapingo, Méx. :
_bEl autor,
_c2007
300 _a178 h.
502 _aTesis (Maestro en Ciencias Esp. en Producción Animal) -- UACH. Departamento de Zootecnia
650 _aGanado cabrío
_xAlimentación
_944990
650 _aGanado cabrío
_xNutrición
_945030
650 _aGanado cabrío
_xPastoreo
_945036
650 _aGanado cabrío
_xPuebla
_9138994
650 _aMinerales en nutrición animal
_975937
901 _aTESIS L 2016
902 _aM
910 _a2007
942 _c2
942 _c2
999 _c168635
_d168635